| 000 | 00764cam a22002412 4500 | ||
|---|---|---|---|
| 001 | 0000004978 | ||
| 005 | 20151217151948.0 | ||
| 008 | 070604s xx 000 0 eng d | ||
| 020 |
_a085226917X : _cKES 502 |
||
| 040 |
_aKABU _cKABU |
||
| 050 | 0 |
_aT57.6 _b.S54 1991 |
|
| 100 | 1 |
_aShenoy, G. V. _@0000154754 |
|
| 245 | 1 | 0 |
_aOperations research for management / _cG. V. Shenoy, U. K. Srivastava, S. C. Sharma. |
| 250 | _a2nd ed. | ||
| 260 |
_aNew Delhi : _bNew Age International, _cc1991. |
||
| 300 |
_axv, 398 p. ; _c24 cm. |
||
| 650 | 0 |
_aOperations management. _@0000156022 |
|
| 700 | 1 |
_aSrivastava, U. K. _@0000154755 |
|
| 700 | 1 |
_aSharma, S. C. _@0000154756 |
|
| 908 | _a070604 | ||
| 950 | _@1 | ||
| 999 |
_c6772 _d6772 |
||